<?xml version="1.0" encoding="UTF-8"?>
<record
    xmlns:xsi="http://www.w3.org/2001/XMLSchema-instance"
    xsi:schemaLocation="http://www.loc.gov/MARC21/slim http://www.loc.gov/standards/marcxml/schema/MARC21slim.xsd"
    xmlns="http://www.loc.gov/MARC21/slim">

  <leader>00578nam a22001577a 4500</leader>
  <controlfield tag="008">230630b        |||||||| |||| 00| 0 eng d</controlfield>
  <datafield tag="040" ind1=" " ind2=" ">
    <subfield code="a">National Science Library</subfield>
    <subfield code="c">National Science Library</subfield>
  </datafield>
  <datafield tag="080" ind1=" " ind2=" ">
    <subfield code="a">5/6(1-22)</subfield>
    <subfield code="b">N5</subfield>
  </datafield>
  <datafield tag="245" ind1=" " ind2=" ">
    <subfield code="a">&#x938;&#x940;&#x90F;&#x938;&#x906;&#x908;&#x906;&#x930; &#x917;&#x94D;&#x930;&#x93E;&#x92E;&#x940;&#x923; &#x92A;&#x94D;&#x930;&#x94C;&#x926;&#x94D;&#x92F;&#x94B;&#x917;&#x93F;&#x915;&#x940;: </subfield>
    <subfield code="b">&#x90F;&#x915; &#x938;&#x93E;&#x930;-&#x938;&#x902;&#x917;&#x94D;&#x930;&#x939;</subfield>
  </datafield>
  <datafield tag="246" ind1=" " ind2=" ">
    <subfield code="a">CSIR gramin prodyogiki:</subfield>
    <subfield code="b">Ek sar-sangrah</subfield>
  </datafield>
  <datafield tag="260" ind1=" " ind2=" ">
    <subfield code="a">New Delhi: </subfield>
    <subfield code="b">Prakashan Evam Suchna Nideshalaya, </subfield>
    <subfield code="c">1995</subfield>
  </datafield>
  <datafield tag="300" ind1=" " ind2=" ">
    <subfield code="a">164p. </subfield>
  </datafield>
  <datafield tag="650" ind1=" " ind2=" ">
    <subfield code="a">Rural technology </subfield>
  </datafield>
  <datafield tag="653" ind1=" " ind2=" ">
    <subfield code="a">Science </subfield>
  </datafield>
  <datafield tag="942" ind1=" " ind2=" ">
    <subfield code="2">udc</subfield>
    <subfield code="c">REF</subfield>
  </datafield>
  <datafield tag="999" ind1=" " ind2=" ">
    <subfield code="c">48403</subfield>
    <subfield code="d">48403</subfield>
  </datafield>
  <datafield tag="952" ind1=" " ind2=" ">
    <subfield code="0">0</subfield>
    <subfield code="1">0</subfield>
    <subfield code="2">udc</subfield>
    <subfield code="4">0</subfield>
    <subfield code="6">56122_N5</subfield>
    <subfield code="7">0</subfield>
    <subfield code="9">74665</subfield>
    <subfield code="a">NSL</subfield>
    <subfield code="b">NSL</subfield>
    <subfield code="c">GF/REF/Rk-2/C-9/R-3</subfield>
    <subfield code="d">2004-08-06</subfield>
    <subfield code="l">0</subfield>
    <subfield code="o">5/6(1-22) N5</subfield>
    <subfield code="p">205172</subfield>
    <subfield code="r">2023-06-30 00:00:00</subfield>
    <subfield code="w">2004-08-06</subfield>
    <subfield code="y">REF</subfield>
  </datafield>
  <datafield tag="952" ind1=" " ind2=" ">
    <subfield code="0">0</subfield>
    <subfield code="1">0</subfield>
    <subfield code="2">udc</subfield>
    <subfield code="4">0</subfield>
    <subfield code="6">56122_N5</subfield>
    <subfield code="7">0</subfield>
    <subfield code="9">74666</subfield>
    <subfield code="a">NSL</subfield>
    <subfield code="b">NSL</subfield>
    <subfield code="c">GF/REF/Rk-2/C-9/R-3</subfield>
    <subfield code="d">2004-08-06</subfield>
    <subfield code="l">0</subfield>
    <subfield code="o">5/6(1-22) N5</subfield>
    <subfield code="p">176385</subfield>
    <subfield code="r">2023-06-30 00:00:00</subfield>
    <subfield code="w">2004-08-06</subfield>
    <subfield code="y">REF</subfield>
  </datafield>
</record>
